Clasificacion de resultados de enfermeria (NOC) / (Registro nro. 21442)

Detalles MARC
000 -LEADER
fixed length control field 01642nam a2200397 4500
001 - CONTROL NUMBER
control field 0000024589
003 - CONTROL NUMBER IDENTIFIER
control field CO-CtgCURN
005 - DATE AND TIME OF LATEST TRANSACTION
control field 20250331185143.0
007 - PHYSICAL DESCRIPTION FIXED FIELD--GENERAL INFORMATION
fixed length control field ta
008 - FIXED-LENGTH DATA ELEMENTS--GENERAL INFORMATION
fixed length control field 160628s2009 000 0 eng d
020 ## - INTERNATIONAL STANDARD BOOK NUMBER
International Standard Book Number 9788480863896
040 ## - CATALOGING SOURCE
Original cataloging agency CO-CtgCURN
Language of cataloging spa
Transcribing agency coctgcurn
082 0# - DEWEY DECIMAL CLASSIFICATION NUMBER
Classification number 610.736
Item number C566
245 00 - TITLE STATEMENT
Title Clasificacion de resultados de enfermeria (NOC) /
Statement of responsibility, etc. Sue Moorhead .. [et .. al], editores.
250 ## - EDITION STATEMENT
Edition statement 4a. Ed.
260 ## - PUBLICATION, DISTRIBUTION, ETC.
Place of publication, distribution, etc. Amsterdan :
Name of publisher, distributor, etc. Elsevier,
Date of publication, distribution, etc. 2009.
300 ## - PHYSICAL DESCRIPTION
Extent xxxvi; 871 p.
336 ## - CONTENT TYPE
Source rdacontent
337 ## - MEDIA TYPE
Source rdamedia
Media type term sin mediacion
Media type code n
338 ## - CARRIER TYPE
Source rdacarrier
Carrier type term volumen
Carrier type code nc
500 ## - GENERAL NOTE
General note Contiene apendices e indice detallado.
505 8# - FORMATTED CONTENTS NOTE
Formatted contents note Clasificacion de resultados de enfermeria: desarrollo, perfecciónamiento y uso en la practica, Investigación y enseñanza -- Taxonomia NOC -- Resultados -- Relaciones NOC - Patrones funcionales de salud -- Relaciones NOC-NANDA Internacional -- Resultados centrales segun especialiades de enfermeria -- Apendices
534 ## - ORIGINAL VERSION NOTE
Main entry of original Nursing outcomes classification (NOC)
650 14 - SUBJECT ADDED ENTRY--TOPICAL TERM
Topical term or geographic name entry element Diagnostico
Form subdivision Enfermeria
General subdivision Clasificacion.
650 14 - SUBJECT ADDED ENTRY--TOPICAL TERM
Topical term or geographic name entry element Diagnostico
Form subdivision Enfermeria
General subdivision Normas.
700 1# - ADDED ENTRY--PERSONAL NAME
Personal name Moorhead, Sue,
Relator term Editor.
700 1# - ADDED ENTRY--PERSONAL NAME
Personal name Johnson, Marion,
Relator term Editor.
700 1# - ADDED ENTRY--PERSONAL NAME
Personal name Swanson, Elizabeth,
Relator term Editor.
908 ## - PUT COMMAND PARAMETER (RLIN)
Put command parameter 160627
942 ## - ADDED ENTRY ELEMENTS (KOHA)
Koha item type Libros
Classification part 610.736
Item part C566
Source of classification or shelving scheme Dewey Decimal Classification
Existencias
Withdrawn status Lost status Source of classification or shelving scheme Damaged status Not for loan Collection Home library Current library Shelving location Date acquired Inventory number Total checkouts Full call number Barcode Date last seen Date last checked out Copy number Price effective from Koha item type Public note
    Dewey Decimal Classification     General Miguel Henríquez Emiliani Miguel Henríquez Emiliani General 03/31/2025 017181 2 610.736 C566 017181 11/07/2025 11/04/2025 ej.1 03/31/2025 Libros 610-CIENME
    Dewey Decimal Classification     General Miguel Henríquez Emiliani Miguel Henríquez Emiliani General 03/31/2025 017182   610.736 C566 017182 03/31/2025   ej.2 03/31/2025 Libros 610-CIENME
    Dewey Decimal Classification     General Miguel Henríquez Emiliani Miguel Henríquez Emiliani General 03/31/2025 017183   610.736 C566 017183 03/31/2025   ej.3 03/31/2025 Libros 610-CIENME
    Dewey Decimal Classification     General Miguel Henríquez Emiliani Miguel Henríquez Emiliani General 03/31/2025 017184 1 610.736 C566 017184 02/14/2026 02/11/2026 ej.4 03/31/2025 Libros 610-CIENME
    Dewey Decimal Classification     General Miguel Henríquez Emiliani Miguel Henríquez Emiliani General 03/31/2025 017185 5 610.736 C566 017185 02/14/2026 02/11/2026 ej.5 03/31/2025 Libros 610-CIENME
    Dewey Decimal Classification     General Miguel Henríquez Emiliani Miguel Henríquez Emiliani General 03/31/2025 017186   610.736 C566 017186 03/31/2025   ej.6 03/31/2025 Libros 610-CIENME
    Dewey Decimal Classification     General Miguel Henríquez Emiliani Miguel Henríquez Emiliani General 03/31/2025 017187 1 610.736 C566 017187 11/08/2025 11/07/2025 ej.7 03/31/2025 Libros 610-CIENME
    Dewey Decimal Classification     General Miguel Henríquez Emiliani Miguel Henríquez Emiliani General 03/31/2025 017188   610.736 C566 017188 03/31/2025   ej.8 03/31/2025 Libros 610-CIENME
    Dewey Decimal Classification     General Miguel Henríquez Emiliani Miguel Henríquez Emiliani General 03/31/2025 017189   610.736 C566 017189 03/31/2025   ej.9 03/31/2025 Libros 610-CIENME